• 首页
  • 本馆介绍
  • 公告通知
  • 最新文献
  • 馆藏检索
  • 电子资源
  • 读者导购
  • 参考咨询
  • 我的图书馆
  • 登录
  • 详细信息显示
  • 放入我的书架
  • 预约/预借图书
  • 作者相关作品
  • 分类相关作品
  • 丛书相关作品
  • 出版社相关作品

书目信息

  • 表格格式
  • 工作单格式
  • 卡片格式
题名:
生态绿道景观设计研究
    
 
作者: 左金富 著
分册:  
出版信息: 汕头   汕头大学出版社  2021.1
页数: 100页
开本: 24cm
丛书名:
单 册:
中图分类: TU985.18
科图分类:
主题词: 城市道路--道路绿化--绿化规划--景观设计--研究
电子资源:
ISBN: 978-7-5658-3581-0
000 00981nam0 2200229 45
001 012001000179
005 20140910162544.0
010    @a978-7-5658-3581-0@dCNY40.00
100    @a20181031d2018 em y0chiy0110 ea
101 0  @achi
102    @aCN@b440000
105    @ay z 000yy
106    @ar
200 1  @a生态绿道景观设计研究@Asheng tai lv dao jing guan she ji yan jiu@f左金富著
210    @a汕头@c汕头大学出版社@d2021.1
215    @a100页@d24cm
330    @a本书旨在通过对国内外绿道的理论分析、案例研究和实证探讨,探索出适合我国城市绿道景观规划设计的一套方法,为将来绿道在国内的更具体和深入的理论研究和实际应用提供参考。重点探讨了我国城市生态绿道景观的规划设计中存在的问题,并根据这些现存的问题提出了一些相关的解决措施和建议,以期对园林工程设计与施工管理的相关人士提供参考与帮助。
606 0  @a城市道路@x道路绿化@x绿化规划@x景观设计@x研究
690    @aTU985.18@v5
701  0 @a左金富@Azuo jin fu@4著
801  0 @aCN@bBJSDL@c20211011
905    @b1330686-9@dTU985.18@e1830@f4
    
    生态绿道景观设计研究/左金富著.-汕头:汕头大学出版社,2021.1
    100页;24cm
    
    
    ISBN 978-7-5658-3581-0:CNY40.00
    本书旨在通过对国内外绿道的理论分析、案例研究和实证探讨,探索出适合我国城市绿道景观规划设计的一套方法,为将来绿道在国内的更具体和深入的理论研究和实际应用提供参考。重点探讨了我国城市生态绿道景观的规划设计中存在的问题,并根据这些现存的问题提出了一些相关的解决措施和建议,以期对园林工程设计与施工管理的相关人士提供参考与帮助。
●
相关链接 在E读中查询图书 在五车中查询图书 在当当中查询图书 在豆瓣中查询图书


正题名:生态绿道景观设计研究     索取号:TU985.18/1830         预约/预借

序号 登录号 条形码 馆藏地/架位号 状态 备注
1 1330686   213306867   第二样本阅览室/ [索取号:TU985.18/1830] 在馆    
2 1330687   213306876   第三借阅区/ [索取号:TU985.18/1830] 在馆    
3 1330688   213306885   第三借阅区/ [索取号:TU985.18/1830] 在馆    
4 1330689   213306894   第三借阅区/ [索取号:TU985.18/1830] 在馆    
唐山师范学院图书馆 欢迎您!
大连网信软件有限公司© 版权所有